Hydraulics and fluid mechanics and hydraulics machinery / (Record no. 7403)
[ view plain ]
| 000 -LEADER | |
|---|---|
| fixed length control field | 00601cam a2200229ua 4500 |
| 041 ## - LANGUAGE CODE | |
| Language code of text/sound track or separate title | eng |
| 082 ## - DEWEY DECIMAL CLASSIFICATION NUMBER | |
| Classification number | 532 |
| Item number | ABD/HY |
| 100 ## - MAIN ENTRY--AUTHOR NAME | |
| Personal name | Abdulla, Shariff . |
| 245 ## - TITLE STATEMENT | |
| Title | Hydraulics and fluid mechanics and hydraulics machinery / |
| 250 ## - EDITION STATEMENT | |
| Edition statement | 1 / |
| 260 ## - PUBLICATION, DISTRIBUTION, ETC. (IMPRINT) | |
| Place of publication | New Delhi : |
| Name of publisher | Dhanpat Rai Publishing Co. Pvt. Ltd. , |
| Year of publication | 1989. |
| 300 ## - PHYSICAL DESCRIPTION | |
| Number of Pages | 332 ; . |
| 500 ## - GENERAL NOTE | |
| General note | *CSS |
| 700 1# - ADDED ENTRY--PERSONAL NAME | |
| Personal name | Sharrif, N A . |
| 700 1# - ADDED ENTRY--PERSONAL NAME | |
| Personal name | Sharriff, F A. |
| 942 ## - ADDED ENTRY ELEMENTS (KOHA) | |
| Koha item type | Books |
| Withdrawn status | Lost status | Damaged status | Home library | Current library | Shelving location | Date acquired | Full call number | Accession Number | Koha item type |
|---|---|---|---|---|---|---|---|---|---|
| KAUAET | KAUAET | Scheme | 26/07/2018 | 532 ABD/HY | 17916 | Book Bank scheme for SC students | |||
| KAUAET | KAUAET | Scheme | 26/07/2018 | 532 ABD/HY | 17917 | Book Bank scheme for SC students |
